000 00206 a2200097 4500
001 44513
100 _aBorgstrom
245 _aThe Hunger Planet
260 _aNew York
_bMacmillan
_c
090 _c28231
_d28231
942 _aNUST-CAE
_cM
_c20260
999 _c279586
_d279586